000 00378nam a22001337a 4500
008 230605b xxu||||| |||| 00| 0 eng d
020 _a1873796633
082 _a320.9171241
_bTAY
100 _cDavid Marshall BA,PhD
245 _aYoung Woman
_bA young woman's guide to teenage sexuality
260 _aGrantham, England
_bAutumn House publishing
300 _a185p
942 _2ddc
_cBK
999 _c224
_d224